|
|
|
|
| LEADER |
00000nab a2200000 a 4500 |
| 001 |
vtls000235376 |
| 003 |
SK-MaSNL |
| 005 |
20260302212841.0 |
| 008 |
150501c1985 xo 0 slo |
| 015 |
|
|
|a SNBRB19rr/mm-uuuuu
|
| 035 |
|
|
|a CL0245490
|
| 040 |
|
|
|a SNKBUCL
|b slo
|c SNKBUCL
|e AACR2
|
| 041 |
0 |
|
|a slo
|
| 044 |
|
|
|a xo
|c SK
|
| 080 |
|
|
|a 830-3
|2 1981
|
| 100 |
1 |
|
|a Heine, Ernst W.
|4 aut
|9 938053
|
| 245 |
1 |
0 |
|a Kto zavraždil Mozarta?
|c Ernst W. Heine ; Naďa Kotršová
|
| 300 |
|
|
|b Fot. 1.
|
| 650 |
0 |
7 |
|a poviedky kriminálne
|2 snkbucl
|9 921121
|
| 655 |
|
7 |
|a články z novín a časopisov
|2 snkbucl
|9 267496
|
| 655 |
|
7 |
|a články z odboru literárna veda a krásna literatúra
|2 snkbucl
|9 770045
|
| 700 |
1 |
|
|a Kotršová, Naďa,
|d 1927-2009
|4 trl
|9 132474
|
| 773 |
0 |
|
|t Revue svetovej literatúry
|g Roč. 21, č. 7 (1985), s. 75-82
|
| 850 |
|
|
|a Slovenská národná knižnica v Martine
|a MTA001
|
| 852 |
|
|
|a SNK
|b KIS3GCP
|
| 958 |
|
|
|a RK
|
| 958 |
|
|
|a LX
|
| 958 |
|
|
|a DE
|
| 999 |
|
|
|c 1491007
|d 1492937
|